Indicadores económicos y sociales de Chile: 1960-2000

Kaydedildi:
Detaylı Bibliyografya
Müşterek Yazar: Banco Central de Chile (Yazar)
Materyal Türü: Kitap
Dil:İspanyolca
Baskı/Yayın Bilgisi: Santiago Banco Central de Chile 2001
Konular:
Etiketler: Etiketle
Etiket eklenmemiş, İlk siz ekleyin!

MARC

LEADER 00000nam a2200000 a 4500
001 UCM0547
003 CL-VaPUC
008 020301e20010500CL |||||||||||||||||spa|d
082 0 4 |a 338.983  |b BAN  |2 21 
110 2 |a Banco Central de Chile  |e author  |9 467403 
245 1 0 |a Indicadores económicos y sociales de Chile: 1960-2000 
300 |a 834 p 
942 |c BK 
945 |d 20020301 00:00:00  |a cmena 
260 |a Santiago  |b Banco Central de Chile  |c 2001 
650 0 |a Desarrollo económico y social   |9 256320 
650 0 |a Macroeconomía   |9 260301 
650 0 |a Proyectos de inversión   |9 261065 
650 7 |a PRODUCTO INTERNO BRUTO  |2 CL-VaPUC  |9 415097 
650 0 |a Finanzas públicas   |9 358992 
650 0 |a Industrialización  |9 263687 
650 7 |a INDICE DE PRECIOS AL CONSUMIDOR  |2 CL-VaPUC  |9 318528 
650 0 |a Empleo  |9 339124 
650 7 |a INDICADORES MONETARIOS  |2 CL-VaPUC  |9 467404 
651 7 |a CHILE  |2 CL-VaPUC  |9 467405 
583 |a last modification  |c 20180125 10:56:11  |k Rodrigo Vera 
999 |c 299439  |d 299437 
952 |0 0  |1 0  |4 0  |6 338_983000000000000_BAN_2001  |7 0  |8 F  |9 355973  |a BIBGIM  |b BIBGIM  |d 2019-11-21  |i 3795063  |o 338.983 BAN 2001  |p 3795063  |r 2025-01-15  |w 2019-11-21  |y BK_F  |k GIM